| 000 | 01129nam a2200241 a 4500 | ||
|---|---|---|---|
| 001 | 000046709 | ||
| 005 | 20201002053049.0 | ||
| 008 | 180320s2015 dr 000 0 spa d | ||
| 020 | _a9789945900460 | ||
| 040 |
_aDO-SdBNP _bspa _cBNPHU |
||
| 082 |
_axxx _bI37g, 6to. |
||
| 100 | 1 |
_aInchaustegui, Maria Isabel _929568 |
|
| 245 | 0 |
_aMódulo 1. Taller 6. : _bleer y escribir para estudiar y aprender. |
|
| 260 |
_aSanto Domingo : _bMINERD, _c2015. |
||
| 300 |
_a31 p. : _bil. ; _c28cm. |
||
| 490 | 1 | _aDesarrollo profesional docente. Enseñanza de la lengua española. | |
| 500 | _aPolítica de apoyo a los aprendizajes de los primeros grados del nivel primario en lectura, escritura y matemática. | ||
| 500 | _aRegional educativa 05 San Pedro de Macorís, 12 Higuey y 17 Monte Plata | ||
| 500 | _aA la cabeza del titulo: Desarrollo Profesional Docente. Capacitación de Docentes para la Enseñanza de la Lectura y la Escritura. | ||
| 590 | _aInventariado, 2018/MFF | ||
| 710 | 1 |
_aRepública Dominicana. _bMinisterio de Educación. _943100 |
|
| 830 | 0 |
_aDesarrollo profesional docente. Enseñanza de la lengua española. _974657 |
|
| 999 |
_c46198 _d46198 |
||